• 首页
  • 本馆介绍
  • 公告通知
  • 最新文献
  • 馆藏检索
  • 电子资源
  • 读者导购
  • 参考咨询
  • 我的图书馆
  • 登录
  • 详细信息显示
  • 放入我的书架
  • 预约/预借图书
  • 作者相关作品
  • 分类相关作品
  • 丛书相关作品
  • 出版社相关作品

书目信息

  • 表格格式
  • 工作单格式
  • 卡片格式
题名:
高维数值积分
    
 
作者: 周蕴时 , 徐利治 著
分册:  
出版信息: 北京   科学出版社  1980
页数: 309页
开本: 19cm
丛书名: 计算方法丛书
单 册:
中图分类: O174.41
科图分类:
主题词: 数值积分-高维 , 高维-数值积分
电子资源:
ISBN:
000 00738nam2 2200277 45
001 0180005572
005 20060809112305.29
010    @dCNY1.50
091    @aCN@b13031.1198
100    @a19950607d1980 em y0chiy0121 ea
101 0  @achi
102    @aCN@b110000
105    @ay z 000yy
200 10 @a高维数值积分@Agao wei shu zhi ji fen@f徐利治,周蕴时著
210    @a北京@c科学出版社@d1980
215    @a309页@d19cm
225 2  @a计算方法丛书
410  0 @120010@a计算方法丛书
606    @a数值积分-高维
606    @a高维-数值积分
690    @aO174.41@v3
701  0 @a周蕴时@Azhou yun shi@4著
701  0 @a徐利治@Axu li zhi@4著
801  0 @aCN@bTSSF@c20060809
801  2 @aCN@bNLC@c20060727
905    @a10447@dO174.41@e156
    
    高维数值积分/徐利治,周蕴时著.-北京:科学出版社,1980
    309页;19cm.-(计算方法丛书)
    
    
    ISBN :CNY1.50
    
●
相关链接 在E读中查询图书 在五车中查询图书 在当当中查询图书 在豆瓣中查询图书


正题名:高维数值积分     索取号:O174.41/156         预约/预借

序号 登录号 条形码 馆藏地/架位号 状态 备注
1 0442462   204424621   密集书库/ [索取号:O174.41/156] 在馆    
2 0450011   204500110   密集书库/ [索取号:O174.41/156] 在馆    
唐山师范学院图书馆 欢迎您!
大连网信软件有限公司© 版权所有